[Event "NB II. Barcza csoport"]
[Site "Kazincbarcika"]
[Date "2024.03.03"]
[Round "5.10"]
[White "Jonizs, Zoltan"]
[Black "Pota, Lajos"]
[Result "1-0"]
[WhiteElo "1842"]
[BlackElo "1690"]
[PlyCount "166"]
[EventDate "2023.10.08"]
[EventType "team-tourn"]
[EventRounds "9"]
[EventCountry "HUN"]
[Source "chess.hu"]
[WhiteTeam "Kazincbarcika VSC"]
[BlackTeam "Mezokovesd  Zsory SE"]
[WhiteTeamCountry "HUN"]
[BlackTeamCountry "HUN"]

1. e4 e5 2. Nf3 Nc6 3. Bc4 Nd4 4. c3 Nxf3+ 5. Qxf3 Nf6 6. d3 Be7 7. O-O O-O 8.
Qg3 d6 9. f4 exf4 10. Bxf4 Nh5 11. Qf3 Nxf4 12. Qxf4 Kh8 13. Nd2 Bg5 14. Qf2 f5
15. exf5 Bxf5 16. Nf3 Bh6 17. Nd4 Bd7 18. Qxf8+ Qxf8 19. Rxf8+ Rxf8 20. Re1 c5
21. Nf3 Bc6 22. Re7 g5 23. Ne1 g4 24. Re2 b5 25. Be6 Re8 26. Bxg4 Rxe2 27. Bxe2
Bc1 28. c4 Bxb2 29. Bf3 Bd7 30. Nc2 b4 31. Kf1 a5 32. Bd1 Bf5 33. Ke2 Bg4+ 34.
Kd2 Bxd1 35. Kxd1 a4 36. Ne3 Be5 37. Kc2 Bxh2 38. Nd5 Be5 39. Nb6 a3 40. Nd7
Kg7 41. Nb6 h5 42. Nd5 Kg6 43. Ne3 Kg5 44. Nf1 Kf4 45. Kb3 h4 46. Kc2 Bd4 47.
Kb3 Bf2 48. Kc2 Ke5 49. Nd2 Bg3 50. Nb3 Be1 51. Kd1 Bc3 52. Ke2 Kf4 53. Na5 Kg3
54. Kf1 Kf4 55. Ke2 Kg3 56. Kf1 Bd2 57. Nb3 Be3 58. Na5 Bd4 59. Nb3 Bc3 60. Na5
Be5 61. Nb3 Bf6 62. Na5 Bd8 63. Nb3 Bb6 64. Nc1 Kg4 65. Ke2 Bd8 66. Nb3 Kg3 67.
Kf1 h3 68. gxh3 Kxh3 69. Kf2 Kg4 70. Ke3 Kf5 71. d4 Bb6 72. d5 Bd8 73. Kd3 Bg5
74. Na5 Bd8 75. Nb3 Kf4 76. Nd2 Kg3 77. Ne4+ Kf3 78. Nd2+ Kf2 79. Ne4+ Ke1 80.
Kc2 Be7 81. Nd2 Bg5 82. Nf3+ Ke2 83. Nxg5 Ke3 1-0

[Event "NB II. Barcza csoport"]
[Site "Kazincbarcika"]
[Date "2024.03.03"]
[Round "5.11"]
[White "Gaspar, Muriel Aranka"]
[Black "Elek, Monika"]
[Result "1/2-1/2"]
[WhiteElo "1670"]
[BlackElo "1857"]
[PlyCount "26"]
[EventDate "2023.10.08"]
[EventType "team-tourn"]
[EventRounds "9"]
[EventCountry "HUN"]
[Source "chess.hu"]
[WhiteTeam "Mezokovesd  Zsory SE"]
[BlackTeam "Kazincbarcika VSC"]
[WhiteTeamCountry "HUN"]
[BlackTeamCountry "HUN"]

1. d4 d5 2. Nc3 e6 3. Nf3 c6 4. a3 Bd6 5. e4 dxe4 6. Nxe4 h6 7. Nxd6+ Qxd6 8.
Bc4 Nf6 9. O-O Nbd7 10. Re1 Nb6 11. Bb3 O-O 12. Ne5 Nbd5 13. c3 b6 1/2-1/2

[Event "NB II. Barcza csoport"]
[Site "Kazincbarcika"]
[Date "2024.03.03"]
[Round "5.12"]
[White "Fazekas, David"]
[Black "Molnar, Marton Adam"]
[Result "1/2-1/2"]
[WhiteElo "1574"]
[BlackElo "1609"]
[PlyCount "21"]
[EventDate "2023.10.08"]
[EventType "team-tourn"]
[EventRounds "9"]
[EventCountry "HUN"]
[Source "chess.hu"]
[WhiteTeam "Kazincbarcika VSC"]
[BlackTeam "Mezokovesd  Zsory SE"]
[WhiteTeamCountry "HUN"]
[BlackTeamCountry "HUN"]

1. e4 c5 2. Nf3 d6 3. Bc4 Nc6 4. h3 Nf6 5. d3 g6 6. c3 Bg7 7. Ng5 e6 8. Be3 O-O
9. Bb3 Qe7 10. O-O b6 11. Nd2 1/2-1/2

[Event "NB II. Barcza csoport"]
[Site "Debrecen"]
[Date "2024.03.03"]
[Round "5.1"]
[White "Csendi, Balazs"]
[Black "Forgacs, Jozsef"]
[Result "1/2-1/2"]
[WhiteElo "2044"]
[BlackElo "2220"]
[PlyCount "86"]
[EventDate "2023.10.08"]
[EventType "team-tourn"]
[EventRounds "9"]
[EventCountry "HUN"]
[Source "chess.hu"]
[WhiteTeam "M.Sportisk-KisBocsok"]
[BlackTeam "Karsol-DSBK"]
[WhiteTeamCountry "HUN"]
[BlackTeamCountry "HUN"]

1. e4 c6 2. d4 d5 3. Nc3 dxe4 4. Nxe4 h6 5. Nf3 Bf5 6. Ng3 Bh7 7. Bc4 e6 8. O-O
Nf6 9. Qe2 Nbd7 10. Ne5 Nxe5 11. dxe5 Nd5 12. Bb3 Qc7 13. Rd1 O-O-O 14. c4 Nb6
15. Rxd8+ Qxd8 16. Be3 Qc7 17. Rd1 Be7 18. Qf3 Bg6 19. Ne2 Rd8 20. Rxd8+ Bxd8
21. Qg3 Nd7 22. Bd4 Bg5 23. h4 Bd2 24. Nc3 h5 25. f4 Bxc3 26. Qxc3 c5 27. Bf2
Qc6 28. Bd1 Qe4 29. Qc1 f6 30. Bf3 Qd3 31. exf6 gxf6 32. Qe1 e5 33. fxe5 fxe5
34. Be2 Qc2 35. g4 hxg4 36. Bxg4 Bf5 37. Qe2 Qb1+ 38. Kh2 Nf6 39. Bxf5+ Qxf5
40. Bxc5 Qf4+ 41. Kg1 Qg3+ 42. Kf1 Qh3+ 43. Kg1 Qg3+ 1/2-1/2

[Event "NB II. Barcza csoport"]
[Site "Debrecen"]
[Date "2024.03.03"]
[Round "5.2"]
[White "Cselenyi, Balazs"]
[Black "Vanczak, Attila"]
[Result "1-0"]
[WhiteElo "2087"]
[BlackElo "2127"]
[PlyCount "89"]
[EventDate "2023.10.08"]
[EventType "team-tourn"]
[EventRounds "9"]
[EventCountry "HUN"]
[Source "chess.hu"]
[WhiteTeam "Karsol-DSBK"]
[BlackTeam "M.Sportisk-KisBocsok"]
[WhiteTeamCountry "HUN"]
[BlackTeamCountry "HUN"]

1. d4 Nf6 2. c4 c5 3. d5 b5 4. cxb5 a6 5. bxa6 g6 6. Nc3 Bg7 7. g3 O-O 8. Bg2
d6 9. Nf3 Bxa6 10. O-O Nbd7 11. h3 Qb6 12. Re1 Ne8 13. Qc2 Nc7 14. Bg5 Rfe8 15.
e4 Nb5 16. Ne2 h6 17. Bf4 Rab8 18. Rab1 Rec8 19. Qd2 Kh7 20. Be3 Nf6 21. e5 Ne4
22. Qc2 Nxf2 23. Bxf2 dxe5 24. Nc3 Nd4 25. Qd2 Qc7 26. g4 Rb4 27. Bg3 f6 28.
Nh4 f5 29. gxf5 gxf5 30. a3 Rb6 31. Kh1 f4 32. Bf2 f3 33. Nxf3 Rg6 34. Nxd4
cxd4 35. Be4 dxc3 36. Qc2 Qd7 37. Kh2 cxb2 38. Bxg6+ Kh8 39. Qxb2 e4 40. Qb6
Be5+ 41. Kg2 Bd3 42. Bf7 Bd6 43. Be6 Rg8+ 44. Kh1 Qe8 45. Bd4+ 1-0

[Event "NB II. Barcza csoport"]
[Site "Debrecen"]
[Date "2024.03.03"]
[Round "5.3"]
[White "Zelena, Tamas"]
[Black "Kanyadi, Zoltan"]
[Result "1-0"]
[WhiteElo "1977"]
[BlackElo "2092"]
[PlyCount "49"]
[EventDate "2023.10.08"]
[EventType "team-tourn"]
[EventRounds "9"]
[EventCountry "HUN"]
[Source "chess.hu"]
[WhiteTeam "M.Sportisk-KisBocsok"]
[BlackTeam "Karsol-DSBK"]
[WhiteTeamCountry "HUN"]
[BlackTeamCountry "HUN"]

1. e4 c5 2. Nf3 Nc6 3. d4 cxd4 4. Nxd4 Nf6 5. Nc3 e5 6. Ndb5 d6 7. Bg5 a6 8.
Na3 b5 9. Nd5 Be7 10. Bxf6 Bxf6 11. c3 O-O 12. Nc2 Bg5 13. a4 bxa4 14. Rxa4 a5
15. Bc4 Rb8 16. b4 axb4 17. Ncxb4 Nxb4 18. cxb4 Kh8 19. Ra7 f5 20. h4 Bf6 21.
Qh5 fxe4 22. g4 Rb7 23. Ra8 Qe8 24. Qxe8 Rxe8 25. Ba6 1-0

[Event "NB II. Barcza csoport"]
[Site "Debrecen"]
[Date "2024.03.03"]
[Round "5.4"]
[White "Bodnar, Mate"]
[Black "Ivan, Reka Gyongyver"]
[Result "0-1"]
[WhiteElo "2015"]
[BlackElo "1902"]
[PlyCount "88"]
[EventDate "2023.10.08"]
[EventType "team-tourn"]
[EventRounds "9"]
[EventCountry "HUN"]
[Source "chess.hu"]
[WhiteTeam "Karsol-DSBK"]
[BlackTeam "M.Sportisk-KisBocsok"]
[WhiteTeamCountry "HUN"]
[BlackTeamCountry "HUN"]

1. d4 f5 2. Nc3 Nf6 3. e4 fxe4 4. Bg5 g6 5. Bxf6 exf6 6. Nxe4 Bg7 7. Nf3 Qe7 8.
Qe2 d5 9. Nc3 Qxe2+ 10. Bxe2 c6 11. O-O-O O-O 12. Rhe1 Bf5 13. h3 Kf7 14. g4
Be6 15. Bd3 Nd7 16. Ne2 Rfe8 17. Kb1 Bh6 18. Nh4 Nb6 19. f4 Bd7 20. f5 g5 21.
Ng2 Bf8 22. h4 h6 23. Rh1 Bg7 24. Ng3 Rh8 25. Nh5 Bf8 26. Nxf6 Kxf6 27. hxg5+
Kxg5 28. Rh5+ Kf6 29. g5+ Kf7 30. Rf1 Nc4 31. g6+ Kf6 32. Bxc4 dxc4 33. Ne3 Bd6
34. Ng4+ Kg7 35. Rfh1 Bf4 36. Rf1 Bd6 37. Rhh1 h5 38. Ne3 b5 39. f6+ Kxg6 40.
f7 Kg7 41. Rhg1+ Kf8 42. Rg6 Bc7 43. d5 Bb6 44. dxc6 Bxc6 0-1

[Event "NB II. Barcza csoport"]
[Site "Debrecen"]
[Date "2024.03.03"]
[Round "5.5"]
[White "Horvath, Peter"]
[Black "Kelemen, Imre"]
[Result "1/2-1/2"]
[WhiteElo "1948"]
[BlackElo "1993"]
[PlyCount "101"]
[EventDate "2023.10.08"]
[EventType "team-tourn"]
[EventRounds "9"]
[EventCountry "HUN"]
[Source "chess.hu"]
[WhiteTeam "M.Sportisk-KisBocsok"]
[BlackTeam "Karsol-DSBK"]
[WhiteTeamCountry "HUN"]
[BlackTeamCountry "HUN"]

1. e4 c5 2. Nf3 Nc6 3. Bb5 g6 4. O-O Bg7 5. Bxc6 dxc6 6. h3 Nf6 7. d3 c4 8. e5
Nd7 9. Qe2 cxd3 10. cxd3 Nb6 11. Nc3 O-O 12. Bg5 f6 13. Bf4 Nd5 14. Bg3 Bf5 15.
Rad1 Qd7 16. Nh4 fxe5 17. Bxe5 Bxe5 18. Qxe5 g5 19. Nxd5 Qxd5 20. Qg3 Be6 21.
Rfe1 Kh8 22. Re5 gxh4 23. Qe3 Qxa2 24. Rxe6 Qxb2 25. Rxe7 Qf6 26. Re1 b5 27.
Rxa7 Rxa7 28. Qxa7 Rf7 29. Qc5 b4 30. Qxb4 Qxf2+ 31. Kh1 Qf4 32. Re4 Qf1+ 33.
Kh2 Qxd3 34. Qb8+ Kg7 35. Rxh4 Qd7 36. Qe5+ Kg8 37. Rg4+ Rg7 38. Qb8+ Kf7 39.
Rf4+ Ke6 40. Re4+ Kf7 41. Qf4+ Kg8 42. Rb4 Re7 43. Rb8+ Re8 44. Qg5+ Kh8 45.
Qf6+ Kg8 46. Rb3 Re7 47. h4 Qc7+ 48. Rg3+ Rg7 49. Qe6+ Kf8 50. Qf6+ Kg8 51.
Qe6+ 1/2-1/2

[Event "NB II. Barcza csoport"]
[Site "Debrecen"]
[Date "2024.03.03"]
[Round "5.6"]
[White "Debreceni, Mate"]
[Black "Szurovszky, Elek"]
[Result "1-0"]
[WhiteElo "2068"]
[BlackElo "1937"]
[PlyCount "73"]
[EventDate "2023.10.08"]
[EventType "team-tourn"]
[EventRounds "9"]
[EventCountry "HUN"]
[Source "chess.hu"]
[WhiteTeam "Karsol-DSBK"]
[BlackTeam "M.Sportisk-KisBocsok"]
[WhiteTeamCountry "HUN"]
[BlackTeamCountry "HUN"]

1. e4 e5 2. Nf3 Nc6 3. Nc3 Bc5 4. Nxe5 Bxf2+ 5. Kxf2 Nxe5 6. d4 Ng6 7. Bc4 d6
8. Rf1 Nf6 9. Kg1 Bg4 10. Qe1 Qe7 11. Bg5 c6 12. Qg3 h5 13. Rae1 O-O-O 14. Kh1
h4 15. Qxg4+ Nxg4 16. Bxe7 Nxe7 17. Rxf7 d5 18. Be2 Ne3 19. Rxe7 Nxc2 20. Rf1
Nxd4 21. Bg4+ Kb8 22. exd5 cxd5 23. Re5 a6 24. Nxd5 Rhf8 25. Kg1 Nc6 26. Rg5
Rfe8 27. Nb6 Rd2 28. Nc4 Rd4 29. b3 Re7 30. Bf3 Rc7 31. Re1 Nb4 32. a3 Nc2 33.
Re8+ Ka7 34. Rg6 Rf7 35. Nb6 Rf6 36. Nc8+ Kb8 37. Rxg7 1-0

[Event "NB II. Barcza csoport"]
[Site "Debrecen"]
[Date "2024.03.03"]
[Round "5.7"]
[White "Ujpal, Balint"]
[Black "Botragyi, Tibor"]
[Result "1/2-1/2"]
[WhiteElo "1892"]
[BlackElo "1983"]
[PlyCount "92"]
[EventDate "2023.10.08"]
[EventType "team-tourn"]
[EventRounds "9"]
[EventCountry "HUN"]
[Source "chess.hu"]
[WhiteTeam "M.Sportisk-KisBocsok"]
[BlackTeam "Karsol-DSBK"]
[WhiteTeamCountry "HUN"]
[BlackTeamCountry "HUN"]

1. Nf3 Nf6 2. g3 d5 3. Bg2 g6 4. O-O Bg7 5. d4 O-O 6. c4 c6 7. b3 Bf5 8. Nbd2
Ne4 9. Bb2 Qa5 10. Nxe4 Bxe4 11. Qd2 Qxd2 12. Nxd2 Bxg2 13. Kxg2 Rd8 14. Rfd1
c5 15. e3 cxd4 16. Bxd4 Bxd4 17. exd4 dxc4 18. Nxc4 Nc6 19. d5 Nb4 20. d6 exd6
21. Nxd6 Rd7 22. Ne4 Rxd1 23. Rxd1 Nxa2 24. Rd7 b6 25. Nd6 Nc1 26. Nxf7 Nxb3
27. Nh6+ Kh8 28. Ng4 Nc5 29. Re7 Rb8 30. Rxa7 Rb7 31. Rxb7 Nxb7 32. Ne3 Kg7 33.
Kf3 Kf7 34. Ke4 Ke6 35. Kd4 Nd6 36. Nc2 Kf5 37. Ne3+ Ke6 38. Nd5 Nf5+ 39. Ke4
Nd6+ 40. Kd4 Nf5+ 41. Ke4 Nd6+ 42. Kd4 Nc8 43. g4 g5 44. f3 h6 45. h3 Kd6 46.
f4 gxf4 1/2-1/2

[Event "NB II. Barcza csoport"]
[Site "Debrecen"]
[Date "2024.03.03"]
[Round "5.8"]
[White "Szilagyi, Tibor"]
[Black "Hajdu, Zoltan"]
[Result "1-0"]
[WhiteElo "2050"]
[BlackElo "1804"]
[PlyCount "101"]
[EventDate "2023.10.08"]
[EventType "team-tourn"]
[EventRounds "9"]
[EventCountry "HUN"]
[Source "chess.hu"]
[WhiteTeam "Karsol-DSBK"]
[BlackTeam "M.Sportisk-KisBocsok"]
[WhiteTeamCountry "HUN"]
[BlackTeamCountry "HUN"]

1. e4 d6 2. d4 Nf6 3. Nc3 Nbd7 4. Nf3 e5 5. Bc4 Be7 6. O-O O-O 7. Bg5 c6 8. a4
Qc7 9. h3 b6 10. Qe2 a6 11. Qd2 Bb7 12. Nh4 b5 13. Nf5 Nb6 14. Bd3 Nc4 15. Bxc4
bxc4 16. f4 c5 17. d5 Bc8 18. Nxe7+ Qxe7 19. Qf2 Rb8 20. Rab1 Rb4 21. fxe5 Qxe5
22. Bxf6 Qxf6 23. Qxf6 gxf6 24. Rxf6 Rd8 25. b3 Kg7 26. Rf3 Bd7 27. Na2 Rb7 28.
Rbf1 Be8 29. Nc1 Rb4 30. Rg3+ Kf8 31. Rf4 Rdb8 32. Rc3 cxb3 33. cxb3 Ke7 34.
Kf2 c4 35. bxc4 Rxa4 36. Nd3 f6 37. c5 dxc5 38. Nxc5 Rb2+ 39. Ke3 Raa2 40. g3
a5 41. d6+ Kxd6 42. Rxf6+ Ke7 43. Ra6 h5 44. Kd4 Bb5 45. Rh6 Be2 46. Ke5 Rc2
47. Rh7+ Kf8 48. Nd7+ Kg8 49. Nf6+ Kf8 50. Ke6 Bc4+ 51. Rxc4 1-0

[Event "NB II. Barcza csoport"]
[Site "Debrecen"]
[Date "2024.03.03"]
[Round "5.9"]
[White "Homolya, Daniel"]
[Black "Szabo, Levente Edvard"]
[Result "0-1"]
[WhiteElo "1726"]
[BlackElo "1955"]
[PlyCount "96"]
[EventDate "2023.10.08"]
[EventType "team-tourn"]
[EventRounds "9"]
[EventCountry "HUN"]
[Source "chess.hu"]
[WhiteTeam "M.Sportisk-KisBocsok"]
[BlackTeam "Karsol-DSBK"]
[WhiteTeamCountry "HUN"]
[BlackTeamCountry "HUN"]

1. e4 c6 2. c4 d5 3. exd5 cxd5 4. cxd5 Nf6 5. d4 g6 6. Bc4 Bg7 7. Nc3 O-O 8. h3
Nbd7 9. Qf3 Nb6 10. Bb3 a5 11. a4 e6 12. dxe6 Bxe6 13. Bxe6 Re8 14. Nge2 Rxe6
15. O-O Nfd5 16. Rd1 Rc8 17. Qd3 Nb4 18. Qb5 Nc2 19. Rb1 Nxd4 20. Nxd4 Bxd4 21.
Be3 Rd6 22. Qd3 Bc5 23. Qe4 Bxe3 24. Qxe3 Qc7 25. Rxd6 Qxd6 26. Rd1 Qc5 27. Qf3
Qc6 28. Nd5 Nxd5 29. Qxd5 Qxa4 30. Re1 Qb4 31. Re2 b5 32. Qd7 Rc1+ 33. Kh2 Qf4+
34. g3 Qf3 35. Qe8+ Kg7 36. Qe5+ Kh6 37. Qe3+ Qxe3 38. Rxe3 Rc2 39. Rb3 b4 40.
Kg2 Kg5 41. Kf1 Kf5 42. Rf3+ Ke4 43. Rxf7 Rxb2 44. Ke1 a4 45. Rf4+ Kd3 46. Rf3+
Kc2 47. Rf7 a3 48. Rc7+ Kb3 0-1

[Event "NB II. Barcza csoport"]
[Site "Debrecen"]
[Date "2024.03.03"]
[Round "5.10"]
[White "Szava, Miklos"]
[Black "Homolya, Gabor"]
[Result "1-0"]
[WhiteElo "1959"]
[BlackElo "1685"]
[PlyCount "65"]
[EventDate "2023.10.08"]
[EventType "team-tourn"]
[EventRounds "9"]
[EventCountry "HUN"]
[Source "chess.hu"]
[WhiteTeam "Karsol-DSBK"]
[BlackTeam "M.Sportisk-KisBocsok"]
[WhiteTeamCountry "HUN"]
[BlackTeamCountry "HUN"]

1. e4 c5 2. Nf3 Nc6 3. d4 cxd4 4. Nxd4 g6 5. c4 Bg7 6. Be3 b6 7. Nc3 Bb7 8. Be2
Nf6 9. O-O O-O 10. Nxc6 Bxc6 11. Qd3 d6 12. f4 Nd7 13. b4 a6 14. Rad1 Qc7 15.
Rc1 Bb7 16. Rfd1 Rfd8 17. Na4 Rac8 18. Bg4 Qc6 19. Bxd7 Qxd7 20. Nxb6 Qe6 21.
Nxc8 Rxc8 22. f5 Qxe4 23. Qxe4 Bxe4 24. fxg6 hxg6 25. Bd4 Bh6 26. Rc3 Bf5 27.
c5 dxc5 28. Bxc5 e5 29. Ra3 e4 30. Rxa6 e3 31. Re1 Re8 32. Ra3 e2 33. Kf2 1-0

[Event "NB II. Barcza csoport"]
[Site "Debrecen"]
[Date "2024.03.03"]
[Round "5.11"]
[White "Gal, Andras"]
[Black "Bekesi, Aron"]
[Result "1-0"]
[WhiteElo "1651"]
[BlackElo "1783"]
[PlyCount "73"]
[EventDate "2023.10.08"]
[EventType "team-tourn"]
[EventRounds "9"]
[EventCountry "HUN"]
[Source "chess.hu"]
[WhiteTeam "M.Sportisk-KisBocsok"]
[BlackTeam "Karsol-DSBK"]
[WhiteTeamCountry "HUN"]
[BlackTeamCountry "HUN"]

1. e4 e5 2. Nc3 Nf6 3. Bc4 Nc6 4. d3 Bc5 5. Be3 Bb6 6. Nge2 d6 7. O-O O-O 8. h3
Be6 9. Bb3 Qd7 10. Kh2 h6 11. Qd2 Ne7 12. f4 Bxe3 13. Qxe3 Nc6 14. Ng3 a6 15.
fxe5 Nxe5 16. Rxf6 Kh7 17. Bxe6 fxe6 18. Rf2 Qe7 19. Raf1 Rxf2 20. Rxf2 Rf8 21.
Rxf8 Qxf8 22. b3 Qf6 23. d4 Ng6 24. Nce2 c6 25. Qf3 Qe7 26. Nf4 Nxf4 27. Qxf4
c5 28. d5 exd5 29. Qf5+ g6 30. Qxd5 Kg7 31. Ne2 b5 32. Nf4 Kf6 33. Nd3 a5 34.
Kg3 a4 35. e5+ dxe5 36. Nxc5 Kg7 37. Qd7 1-0

[Event "NB II. Barcza csoport"]
[Site "Debrecen"]
[Date "2024.03.03"]
[Round "5.12"]
[White "Barna, Peter"]
[Black "Simon, Balint"]
[Result "0-1"]
[WhiteElo "1702"]
[BlackElo "1698"]
[PlyCount "120"]
[EventDate "2023.10.08"]
[EventType "team-tourn"]
[EventRounds "9"]
[EventCountry "HUN"]
[Source "chess.hu"]
[WhiteTeam "Karsol-DSBK"]
[BlackTeam "M.Sportisk-KisBocsok"]
[WhiteTeamCountry "HUN"]
[BlackTeamCountry "HUN"]

1. e4 c5 2. Nc3 e6 3. f4 Nc6 4. Bb5 Nge7 5. Nf3 a6 6. Bxc6 Nxc6 7. O-O b5 8. d3
Bb7 9. a3 g6 10. Qe1 Bg7 11. f5 Nd4 12. Nxd4 Bxd4+ 13. Be3 gxf5 14. Qf2 Bxe3
15. Qxe3 Rg8 16. Qxc5 Qg5 17. g3 h5 18. exf5 h4 19. Ne2 hxg3 20. Nxg3 Qh4 21.
Qf2 O-O-O 22. fxe6 fxe6 23. Rae1 Rg5 24. c4 Rdg8 25. Re3 bxc4 26. Rc1 Kb8 27.
Rxc4 Qh5 28. Qe1 Qh3 29. Qf2 Qh5 30. Rf4 Rf5 31. Rxf5 exf5 32. Qf4+ Ka8 33. Re1
Qh3 34. Re2 Qh5 35. Kf1 Qh3+ 36. Ke1 Qh8 37. Qxf5 Qd4 38. Qf7 Rc8 39. Kd1 Qxd3+
40. Rd2 Bf3+ 41. Ke1 Rc1+ 42. Kf2 Qxd2+ 43. Kxf3 Qd3+ 44. Kg4 Qd4+ 45. Kh3 Rc8
46. Qf3+ Ka7 47. Qe2 Rh8+ 48. Kg2 Rf8 49. Kh3 Rf2 50. Qe7 Rxb2 51. Nf5 Qh8+ 52.
Kg4 Qg8+ 53. Kf4 Qc4+ 54. Kg5 Qc1+ 55. Kf6 Rb6+ 56. Kf7 Qc4+ 57. Kf8 Rb8+ 58.
Kg7 Qg8+ 59. Kf6 Rf8+ 60. Ke5 Re8 0-1

[Event "NB II. Barcza csoport"]
[Site "Mezokovesd"]
[Date "2024.03.10"]
[Round "6.1"]
[White "Forgacs, Jozsef"]
[Black "Becskei, Zoltan"]
[Result "1/2-1/2"]
[WhiteElo "2220"]
[BlackElo "2244"]
[PlyCount "46"]
[EventDate "2023.10.08"]
[EventType "team-tourn"]
[EventRounds "9"]
[EventCountry "HUN"]
[Source "chess.hu"]
[WhiteTeam "Karsol-DSBK"]
[BlackTeam "Mezokovesd  Zsory SE"]
[WhiteTeamCountry "HUN"]
[BlackTeamCountry "HUN"]

1. Nf3 d5 2. c4 c6 3. d4 Nf6 4. Nbd2 Bf5 5. g3 e6 6. Bg2 h6 7. O-O Be7 8. b3
O-O 9. Bb2 Nbd7 10. Ne1 a5 11. a3 Bd6 12. e3 Qe7 13. c5 Bc7 14. f4 b6 15. b4
axb4 16. axb4 bxc5 17. bxc5 Rxa1 18. Qxa1 Rb8 19. h3 Qd8 20. Bc3 Ra8 21. Qb2
Qb8 22. Qxb8+ Bxb8 23. Nef3 Ne4 1/2-1/2

[Event "NB II. Barcza csoport"]
[Site "Mezokovesd"]
[Date "2024.03.10"]
[Round "6.2"]
[White "Kerek, Krisztian"]
[Black "Kanyadi, Zoltan"]
[Result "1/2-1/2"]
[WhiteElo "2216"]
[BlackElo "2092"]
[PlyCount "39"]
[EventDate "2023.10.08"]
[EventType "team-tourn"]
[EventRounds "9"]
[EventCountry "HUN"]
[Source "chess.hu"]
[WhiteTeam "Mezokovesd  Zsory SE"]
[BlackTeam "Karsol-DSBK"]
[WhiteTeamCountry "HUN"]
[BlackTeamCountry "HUN"]

1. e4 c5 2. Nf3 d6 3. d4 Nf6 4. Nc3 cxd4 5. Nxd4 a6 6. Rg1 e5 7. Nb3 Be6 8. g4
h6 9. Be2 Nbd7 10. Be3 Be7 11. h4 Nb6 12. g5 hxg5 13. hxg5 Nfd7 14. Qd2 Qc7 15.
O-O-O O-O-O 16. Nd5 Bxd5 17. exd5 Nc4 18. Qd3 Nxe3 19. fxe3 g6 20. Rdf1 1/2-1/2

[Event "NB II. Barcza csoport"]
[Site "Mezokovesd"]
[Date "2024.03.10"]
[Round "6.3"]
[White "Kelemen, Imre"]
[Black "Paal-Szucs, Attila"]
[Result "1/2-1/2"]
[WhiteElo "1993"]
[BlackElo "2035"]
[PlyCount "38"]
[EventDate "2023.10.08"]
[EventType "team-tourn"]
[EventRounds "9"]
[EventCountry "HUN"]
[Source "chess.hu"]
[WhiteTeam "Karsol-DSBK"]
[BlackTeam "Mezokovesd  Zsory SE"]
[WhiteTeamCountry "HUN"]
[BlackTeamCountry "HUN"]

1. Nf3 Nf6 2. c4 g6 3. Nc3 Bg7 4. d4 O-O 5. Bf4 c5 6. d5 d6 7. Qd2 Re8 8. Bh6
Bh8 9. h4 Ng4 10. h5 Nxh6 11. Qxh6 Bg7 12. Qd2 e5 13. dxe6 Bxe6 14. hxg6 hxg6
15. e3 Nc6 16. Be2 Qe7 17. Rd1 Rad8 18. Nd5 Bxd5 19. cxd5 Ne5 1/2-1/2

[Event "NB II. Barcza csoport"]
[Site "Mezokovesd"]
[Date "2024.03.10"]
[Round "6.4"]
[White "Pap, Janos"]
[Black "Debreceni, Mate"]
[Result "1/2-1/2"]
[WhiteElo "2015"]
[BlackElo "2068"]
[PlyCount "60"]
[EventDate "2023.10.08"]
[EventType "team-tourn"]
[EventRounds "9"]
[EventCountry "HUN"]
[Source "chess.hu"]
[WhiteTeam "Mezokovesd  Zsory SE"]
[BlackTeam "Karsol-DSBK"]
[WhiteTeamCountry "HUN"]
[BlackTeamCountry "HUN"]

1. d4 Nf6 2. c4 g6 3. Nc3 Bg7 4. e4 d6 5. Be2 O-O 6. Nf3 Na6 7. Bg5 Qe8 8. h3
e5 9. dxe5 dxe5 10. Bxf6 Bxf6 11. O-O Nc5 12. b4 Ne6 13. c5 Nf4 14. Nd5 Nxd5
15. Qxd5 Qe7 16. Qb3 h5 17. Bc4 g5 18. Rad1 g4 19. hxg4 hxg4 20. Ne1 Bg5 21.
Nc2 Kg7 22. Ne3 Bxe3 23. Qxe3 Rh8 24. g3 Rh5 25. Kg2 Be6 26. Rh1 Rah8 27. Rxh5
Rxh5 28. Bxe6 Qxe6 29. Rh1 Rxh1 30. Kxh1 Kg6 1/2-1/2

[Event "NB II. Barcza csoport"]
[Site "Mezokovesd"]
[Date "2024.03.10"]
[Round "6.7"]
[White "Hercz, Richard"]
[Black "Sallai, Janos"]
[Result "1/2-1/2"]
[WhiteElo "1952"]
[BlackElo "1903"]
[PlyCount "32"]
[EventDate "2023.10.08"]
[EventType "team-tourn"]
[EventRounds "9"]
[EventCountry "HUN"]
[Source "chess.hu"]
[WhiteTeam "Karsol-DSBK"]
[BlackTeam "Mezokovesd  Zsory SE"]
[WhiteTeamCountry "HUN"]
[BlackTeamCountry "HUN"]

1. e4 c5 2. Nf3 Nc6 3. d4 cxd4 4. Nxd4 g6 5. Nc3 Bg7 6. Be3 Nf6 7. Be2 d6 8.
O-O O-O 9. Kh1 Bd7 10. f4 Nxd4 11. Bxd4 Bc6 12. Bf3 Qc7 13. Qe2 a6 14. Qe3 b5
15. a3 Qb7 16. Rad1 Rfe8 1/2-1/2

[Event "NB II. Barcza csoport"]
[Site "Mezokovesd"]
[Date "2024.03.10"]
[Round "6.9"]
[White "Kajtar, Gergo"]
[Black "Pap, Kristof"]
[Result "0-1"]
[WhiteElo "1824"]
[BlackElo "1933"]
[PlyCount "58"]
[EventDate "2023.10.08"]
[EventType "team-tourn"]
[EventRounds "9"]
[EventCountry "HUN"]
[Source "chess.hu"]
[WhiteTeam "Karsol-DSBK"]
[BlackTeam "Mezokovesd  Zsory SE"]
[WhiteTeamCountry "HUN"]
[BlackTeamCountry "HUN"]

1. Nf3 d5 2. c4 c6 3. b3 Nf6 4. g3 g6 5. Bb2 Bg7 6. Bg2 O-O 7. O-O dxc4 8. bxc4
Qb6 9. Qc2 Bf5 10. d3 Na6 11. Nbd2 Rad8 12. Rab1 Qc7 13. a3 Rfe8 14. Be5 Qc8
15. e4 Bg4 16. d4 b6 17. Rfe1 Bh6 18. Rb2 Nh5 19. d5 Nc5 20. Nh4 Qa6 21. f4
Qxa3 22. Ra2 Qd3 23. Qb2 Nxg3 24. Ra3 Ne2+ 25. Kf2 Nxf4 26. Rxd3 Nfxd3+ 27. Kg3
Nxb2 28. Bxb2 Bxd2 29. Ra1 Bd7 0-1

[Event "NB II. Barcza csoport"]
[Site "Mezokovesd"]
[Date "2024.03.10"]
[Round "6.10"]
[White "Kantor, Jozsef"]
[Black "Borbely, Zsombor"]
[Result "1-0"]
[WhiteElo "1864"]
[BlackElo "1833"]
[PlyCount "43"]
[EventDate "2023.10.08"]
[EventType "team-tourn"]
[EventRounds "9"]
[EventCountry "HUN"]
[Source "chess.hu"]
[WhiteTeam "Mezokovesd  Zsory SE"]
[BlackTeam "Karsol-DSBK"]
[WhiteTeamCountry "HUN"]
[BlackTeamCountry "HUN"]

1. Nf3 g6 2. d4 Bg7 3. g3 Nf6 4. Bg2 O-O 5. O-O Na6 6. c3 c5 7. Nbd2 d6 8. Re1
Rb8 9. Nf1 b5 10. e4 Nd7 11. Be3 b4 12. N1d2 bxc3 13. bxc3 Bb7 14. Qa4 Nb6 15.
Qa3 Qc8 16. Bf1 c4 17. Reb1 d5 18. e5 Re8 19. Bg2 Bf8 20. Qc1 Nc7 21. a4 a5 22.
Rxb6 1-0